13 Men who changed the world. (Record no. 5129)

000 -LEADER
fixed length control field 00639nam a2200193 a 4500
001 - CONTROL NUMBER
control field :::00002870$&:&@@
003 - CONTROL NUMBER IDENTIFIER
control field OkBaRHE
005 - DATE AND TIME OF LATEST TRANSACTION
control field 20000607103257.0
008 - FIXED-LENGTH DATA ELEMENTS--GENERAL INFORMATION
fixed length control field s1974 j 000 0 eng u
040 ## - CATALOGING SOURCE
Transcribing agency
100 1# - MAIN ENTRY--PERSONAL NAME
Personal name Vigeveno, H. S.
245 10 - TITLE STATEMENT
Title 13 Men who changed the world.
260 ## - PUBLICATION, DISTRIBUTION, ETC. (IMPRINT)
Place of publication, distribution, etc Ventura, CA., :
Name of publisher, distributor, etc Regal Books
Date of publication, distribution, etc 1974
300 ## - PHYSICAL DESCRIPTION
Extent 159 p. : illus. ;
Dimensions 18 cm.
650 ## - SUBJECT ADDED ENTRY--TOPICAL TERM
Topical term or geographic name as entry element Apostles
General subdivision Biography
942 ## - ADDED ENTRY ELEMENTS (KOHA)
Source of classification or shelving scheme
Koha item type Books
Copies
Price effective from Date last seen Source of classification or shelving scheme Date acquired Not for loan Copy number Shelving location Full call number Damaged status Barcode Lost status Permanent Location Koha item type Withdrawn status
2010-04-142018-03-16 2010-04-14 1General StacksBS 2440 .V46 2870 RHEMA Bible Training CollegeBooks 
2010-04-142018-03-16 2010-04-14 2General StacksBS 2440 .V46 18518 RHEMA Bible Training CollegeBooks